Uso de una herramienta para determinar las condiciones de seguridad de los laboratorios de la Universidad de Costa Rica y su verificación mediante inspección en unidades seleccionadas de la Sede Rodrigo Facio.
محفوظ في:
| المؤلف الرئيسي: | |
|---|---|
| مؤلفون آخرون: | |
| التنسيق: | كتاب |
| اللغة: | Spanish |
| منشور في: |
San José,[Costa Rica]
2023
|
| الموضوعات: | |
| الوسوم: |
إضافة وسم
لا توجد وسوم, كن أول من يضع وسما على هذه التسجيلة!
|
MARC
| LEADER | 00000nam a2200000Ia 4500 | ||
|---|---|---|---|
| 003 | 013664 | ||
| 005 | 20240703134132.0 | ||
| 008 | 140114s2023 cr a 000 ||spa d | ||
| 040 | |c cru CEDI | ||
| 100 | |a Pacheco Estrada, Gabriel, 1995- |9 3427 | ||
| 245 | |a Uso de una herramienta para determinar las condiciones de seguridad de los laboratorios de la Universidad de Costa Rica y su verificación mediante inspección en unidades seleccionadas de la Sede Rodrigo Facio. | ||
| 260 | |a San José,[Costa Rica] |c 2023 | ||
| 500 | |a Proyecto de graduación (licenciatura en ingeniería química)--Universidad de Costa Rica. Facultad de Ingeniería. Escuela de Ingeniería Química | ||
| 501 | |a Director de Proyecto de Graduación: M.Sc. Ariel Alfaro Vargas | ||
| 650 | |x SEGURIDAD INDUSTRIAL - EVALUACION |x PRODUCTOS QUIMICOS - ALMACENAMIENTO - MEDIDAS DE SEGURIDAD - EVALUACION |x LABORATORIOS DE QUIMICA - MEDIDAS DE SEGURIDAD - EVALUACION | ||
| 700 | |a Alfaro Vargas, Ariel, 1974- |d Director del TFG |9 3429 | ||
| 942 | |c TFG |h TFG 8815 |0 013664 |6 TFG_8815_000000000000000 | ||
| 999 | |c 15685 |d 15685 | ||
